Statistics for guess the store by description

Click here to take the quiz!

General Stats

  • This quiz has been taken 14 times
  • The average score is 6 of 15

Answer Stats

HintAnswer% Correct
has a pharmacy drive thruwalmart
100%
sporting storedick's
77%
other tool storelowes
69%
has just about everythingtarget
69%
phone storeat&t
54%
electronic storebest buy
54%
there is hardly any of these stores on earthk mart
38%
4 letter nameikea
31%
has lots of stufftj max
31%
food storealdi's
23%
tools storeharbor freight
23%
teen storespencers
23%
same as one aboveburlington
15%
clothingcarhart
15%
also clothingrunnings
15%

Score Distribution

Percentile by Number Answered

Percent of People with Each Score

Your Score History

You have not taken this quiz